000 00686nas a2200253 4500
001 BR9200913
003 BR-BrBNA
005 20231205092325.0
007 ta
008 230509b bl.|||p| |||| 00| 00por d
040 _aBR-BrBNA
_bpor
_cBiblioteca Nacional de Agricultura
041 _a(Pt)
072 _aF01
100 1 _aAnon.
245 1 _aFramboesa; vale a pena plantar
650 _aFRAMBOESA
650 _aGELEIA
650 _aALIMENTO PREPARADO
650 _aTECNOLOGIA DE ALIMENTO
650 _aINDUSTRIA ALIMENTICIA
773 0 _tGuia Rural (Brazil)
_x
_g(Mar 1990), v. 4(3) p. 42-45
_wBR9200913
909 _a202311
_bLúcia
_c55
_dLúcia Elande
942 _2AGRIS
_n0
_cANA
999 _c130938
_d130938